000 00618nam a2200205Ia 4500
005 20250508170033.0
008 008 250505s9999 xx 000 0 eng d
037 _aTextual
040 _aFEDL
_beng
_cFEDL
041 _aeng
_2eng
084 _a378.54, PAN
_qFEDL
100 _aPanikkar K N Ed.
245 0 _aEmerging trends in higher educaiton in India: Concepts and practice
260 _aDelhi, India
_bPearson
_c2011
300 _axxii, 292p.
546 _aGifted by Prof. Anita Rampal
700 _a Nair M Bhaskaran Ed.
_9782791
942 _cTEXL
_h378.54, PAN
999 _c1398834
_d1398834